Normal view
MARC view
- Moran, Michael J ,Shapiro, Howard N , Boettner, Daisie D
Entry Personal Name
001 - CONTROL NUMBER
- control field: 62323
003 - CONTROL NUMBER IDENTIFIER
- control field: NUST
005 - DATE AND TIME OF LATEST TRANSACTION
- control field: 20210628202924.0
008 - FIXED-LENGTH DATA ELEMENTS
- fixed length control field: 210628|| aca||aabn | a|a d
040 ## - CATALOGING SOURCE
- Original cataloging agency: NUST
- Transcribing agency: NUST
100 ## - HEADING--PERSONAL NAME
- Personal name: Moran, Michael J ,Shapiro, Howard N , Boettner, Daisie D
670 ## - SOURCE DATA FOUND
- Source citation: Work cat.: (NUST): Moran, Michael J ,Shapiro, Howard N , Boettner, Daisie D, Principles of engineering thermodynamics ,si version, 2015
